01422nam a2200361 a 4500001001200000003000800012006001900020007001500039008004100054010001700095015001900112016001800131020002600149020002300175040002100198035002100219043001200240050002800252082001600280100002800296245012700324260004800451300002500499504006400524533015200588650003700740650003600777651004200813655002900855700003300884710001700917856012600934ebr10296469CaPaEBRm u cr cn|||||||||071123s2008 njua sb 001 0 eng  z 2007047648 aGBA8512342bnb7 z0145747292Uk z9780470269787 (cloth) z0470269782 (cloth) aCaPaEBRcCaPaEBR a(OCoLC)647763408 ae-ru---14aHG5580.2.A3bC66 2008eb04a330.9472221 aConnor, John T.,d1941-10aOut of the redh[electronic resource] :binvestment and capitalism in Russia /cJohn T. Connor ; with Lawrence P. Milford. aHoboken, N.J. :bJohn Wiley & Sons,cc2008. axvii, 205 p. :bill. aIncludes bibliographical references (p. 185-197) and index. aElectronic reproduction.bPalo Alto, Calif. :cebrary,d2013.nAvailable via World Wide Web.nAccess may be limited to ebrary affiliated libraries. 0aInvestmentszRussia (Federation) 0aCapitalismzRussia (Federation) 0aRussia (Federation)xEconomic policy. 7aElectronic books.2local1 aMilford, Lawrence P.,d1975-2 aebrary, Inc.40uhttp://site.ebrary.com/lib/rucke/Doc?id=10296469zAn electronic book accessible through the World Wide Web; click to view